Taylor Swift - Paroles Sweet Nothing - Statistiques

Statistiques générales
  • Ce quiz a été pris 29 fois
  • Le résultat moyen est 211 sur 266
Statistiques - réponses
Hint Réponse % Correct
Couplet 1 I
100%
in
100%
my
100%
nothing
100%
sweet
100%
you
100%
You
100%
"You
100%
you,
100%
your
100%
a
95%
A
95%
the
95%
up
95%
coming
90%
coming)
90%
ever
90%
for
90%
is
90%
July
90%
last
90%
to
90%
To
90%
we
90%
We
90%
with
90%
All
85%
all
85%
deep
85%
eye
85%
home
85%
inside
85%
it
85%
me
85%
Couplet 2 On
85%
picked
85%
said
85%
something
85%
something)
85%
that
85%
Refrain They
85%
they
85%
(they
85%
was
85%
way
85%
and
80%
And
80%
end
80%
from
80%
happens
80%
kitchen
80%
little
80%
myself
80%
spy
80%
time
80%
You're
80%
(you're
80%
admit
75%
almost
75%
be
75%
can
75%
Down
75%
Everyone's
75%
(everyone's
75%
find
75%
I'm
75%
just
75%
nothings
75%
of
75%
pocket
75%
say,
75%
soft
75%
This
75%
Tiny
75%
too
75%
wanted
75%
Refrain 'Cause
70%
Does
70%
forgot
70%
poem
70%
sometimes?
70%
as
65%
doing
65%
firefly
65%
mind"
65%
more"
65%
running
65%
should
65%
"What
65%
each
60%
humming
60%
humming)
60%
implore,
60%
other
60%
out
60%
push
60%
tired
60%
wrote
60%
miss
55%
voices
55%
shoving
50%
shoving)
50%
smooth
50%
talking
50%
Outside,
45%
(outside,
45%
pebble
45%
they're
40%
glad
35%
Bridge Industry
35%
Wicklow
35%
soul
30%
deconstructors
25%
handing
20%
hucksters
15%
disruptors
10%
Aucun quiz correspondant
Distribution des résultats
% des personnes avec chaque résultat
Percentile par nombre de réponses
Votre historique - résultats
Vous n’avez pas pris ce quiz